Multimédiá a PC

Gespeichert in:
Bibliographische Detailangaben
1. Verfasser: Hlavatý, Egon (Verfasst von)
Format: Buch
Sprache:Slowakisch
Veröffentlicht: Bratislava : Tecprom, 1995
Tags: Tag hinzufügen
Keine Tags, Fügen Sie das erste Tag hinzu!

MARC

LEADER 00000nam a22000003a 4500
001 stu30255
005 20150617225738.7
008 970414s1995----xo------------------slo-d
020 |a 80-967432-0-1 
040 |a STU  |b slo 
041 0 |a slo 
044 |a xo 
080 |a 681.3 
100 1 |a Hlavatý, Egon  |4 aut 
245 1 |a Multimédiá a PC 
260 |a Bratislava :  |b Tecprom,  |c 1995 
300 |a 161 s 
996 |b 284V028135  |c V*44318/O-19309  |l VVT  |s A  |a 24  |w stu30255_0001 
996 |b 284V008065  |c V*44319/O-19309  |l VVS  |s A  |a 24  |w stu30255_0002